000 01184nam a22002657a 4500
005 20140526163404.0
010 _aB-530366-376
020 _a9780545253079
_c499.00
035 _aB-530366-376
037 _adpl
_bUBH/Ven
082 0 0 _aS
_222
100 _aStilton, Geronimo
245 1 4 _aThe Quest for Paradise :
_bthe return to the Kingdom of Fantasy /
_cGeronimo Stilton ; [illustrations by Francesco Barbieri ... et al. ; translated by Julia Heim].
260 _aNew York :
_bScholastic,
_cc2013
270 _a557 Broadway
_bNew York
_eN Y 10012
300 _a297p.:
_bcol. ill. ;
_c20cm(Hb).
520 _aInvited by the Queen of the Fairies to return to her kingdom and help in the quest for the true heart of happiness, Geronimo soon finds himself on an adventurous journey riding on the wings of a rainbow-colored dragon through seven fantastic lands.
650 1 _aMice
_vFiction.
650 1 _aFairies
_vFiction.
650 1 _aAdventure and adventurers
_vFiction.
700 1 _aBarbieri, Francesco,
_d1970-
_eill.
700 1 _aHeim, Julia.
942 _2ddc
_cCH
_hS
_mSTI
999 _c83814
_d83814